|
|
|
|
| LEADER |
03122nam a22004935i 4500 |
| 001 |
978-3-642-28580-6 |
| 003 |
DE-He213 |
| 005 |
20151103122643.0 |
| 007 |
cr nn 008mamaa |
| 008 |
120727s2013 gw | s |||| 0|eng d |
| 020 |
|
|
|a 9783642285806
|9 978-3-642-28580-6
|
| 024 |
7 |
|
|a 10.1007/978-3-642-28580-6
|2 doi
|
| 040 |
|
|
|d GrThAP
|
| 050 |
|
4 |
|a Q342
|
| 072 |
|
7 |
|a UYQ
|2 bicssc
|
| 072 |
|
7 |
|a COM004000
|2 bisacsh
|
| 082 |
0 |
4 |
|a 006.3
|2 23
|
| 245 |
1 |
0 |
|a Recent Advances in Information Hiding and Applications
|h [electronic resource] /
|c edited by Jeng-Shyang Pan, Hsiang-Cheh Huang, Lakhmi C Jain, Yao Zhao.
|
| 264 |
|
1 |
|a Berlin, Heidelberg :
|b Springer Berlin Heidelberg :
|b Imprint: Springer,
|c 2013.
|
| 300 |
|
|
|a XIV, 234 p.
|b online resource.
|
| 336 |
|
|
|a text
|b txt
|2 rdacontent
|
| 337 |
|
|
|a computer
|b c
|2 rdamedia
|
| 338 |
|
|
|a online resource
|b cr
|2 rdacarrier
|
| 347 |
|
|
|a text file
|b PDF
|2 rda
|
| 490 |
1 |
|
|a Intelligent Systems Reference Library,
|x 1868-4394 ;
|v 40
|
| 505 |
0 |
|
|a An Image Data Hiding Scheme Based on Vector Quantization and Graph Coloring -- The Copyright Protection System for Android Platform -- Reversible Data Hiding By Coefficient Adjustment Algorithm -- ICA-Based Image and VideoWatermarking -- Content based Invariant Image Watermarking with High Capacity -- Single Bitmap Block Truncation Coding of Color Images Using Cat Swarm Optimization -- Application of Genetic-Based Wavelet Packet Watermarking for Copyright Protection -- Lossless Text Steganography in Compression Coding -- A Fast and Low-Distortion Capacity Adaptive Synchronized Acoustic-to-Acoustic Steganography Scheme -- VideoWatermarking with Shot Detection.
|
| 520 |
|
|
|a This research book presents a sample of recent advances in information hiding techniques and their applications. It includes: Image data hiding scheme based on vector quantization and image graph coloring The copyright protection system for Android platform Reversible data hiding ICA-based image and video watermarking Content-based invariant image watermarking Single bitmap block truncation coding of color images using cat swarm optimization Genetic-based wavelet packet watermarking for copyright protection Lossless text steganography in compression coding Fast and low-distortion capacity acoustic synchronized acoustic-to-acoustic steganography scheme Video watermarking with shot detection.
|
| 650 |
|
0 |
|a Engineering.
|
| 650 |
|
0 |
|a Artificial intelligence.
|
| 650 |
|
0 |
|a Computational intelligence.
|
| 650 |
1 |
4 |
|a Engineering.
|
| 650 |
2 |
4 |
|a Computational Intelligence.
|
| 650 |
2 |
4 |
|a Artificial Intelligence (incl. Robotics).
|
| 700 |
1 |
|
|a Pan, Jeng-Shyang.
|e editor.
|
| 700 |
1 |
|
|a Huang, Hsiang-Cheh.
|e editor.
|
| 700 |
1 |
|
|a Jain, Lakhmi C.
|e editor.
|
| 700 |
1 |
|
|a Zhao, Yao.
|e editor.
|
| 710 |
2 |
|
|a SpringerLink (Online service)
|
| 773 |
0 |
|
|t Springer eBooks
|
| 776 |
0 |
8 |
|i Printed edition:
|z 9783642285790
|
| 830 |
|
0 |
|a Intelligent Systems Reference Library,
|x 1868-4394 ;
|v 40
|
| 856 |
4 |
0 |
|u http://dx.doi.org/10.1007/978-3-642-28580-6
|z Full Text via HEAL-Link
|
| 912 |
|
|
|a ZDB-2-ENG
|
| 950 |
|
|
|a Engineering (Springer-11647)
|